Baldosas en Valparaíso. Oficio y Patrimonio.
Gardado en:
| Autor Principal: | |
|---|---|
| Outros autores: | |
| Formato: | Libro |
| Publicado: |
Santiago, Chile:
Ministerio de las Culturas, las Artes y el Patrimonio,
2022.
|
| Subjects: | |
| Tags: |
Engadir etiqueta
Sen Etiquetas, Sexa o primeiro en etiquetar este rexistro!
|
MARC
| LEADER | 00000nam a22000007a 4500 | ||
|---|---|---|---|
| 003 | CL-VaPUC | ||
| 005 | 20221005172316.0 | ||
| 008 | 220930t2022| 0 eng d | ||
| 999 | |c 439031 |d 439029 | ||
| 040 | |c Pontificia Universidad Católica de Valparaíso | ||
| 082 | 7 | |a 738.6098324 FIS 2022 |2 22 | |
| 100 | 1 | |a Fischer Collado, Felipa |e autora |9 877284 | |
| 245 | 1 | 0 | |a Baldosas en Valparaíso. |b Oficio y Patrimonio. |
| 260 | |a Santiago, Chile: |b Ministerio de las Culturas, las Artes y el Patrimonio, |c 2022. | ||
| 300 | |a 111 páginas; ilustraciones. | ||
| 500 | |a c.1-c.2. Donación Bib. Arquitectura. Memo 12/2022. Recibido 30/09/2022. Proyecto Financiado por Fondo Nacional del Desarrollo de Cultura y las Artes 2019. c.3-c.4. Donación de las Autoras ( Septiembre 2022) | ||
| 583 | |c 20220930 |k Catalogador Asistente | ||
| 650 | |a Baldosas |x Elaboración |z Valparaíso |9 877303 | ||
| 650 | |a Diseño de baldosas |z Valparaíso |9 877304 | ||
| 700 | |a Carabelli del Nido, Marcela |e autora |9 877285 | ||
| 942 | |2 ddc |c BK | ||
| 952 | |0 0 |1 0 |2 ddc |4 0 |6 738_609832400000000_FIS_2022 |7 0 |8 A |9 587022 |a BIBARQ |b BIBARQ |c GEN |d 2022-09-30 |e Donación |i 5654976 |o 738.6098324 FIS 2022 |p 5654976 |r 2025-01-20 |t 1 |w 2022-09-30 |y BK |k ARQ | ||
| 952 | |0 0 |1 0 |2 ddc |4 0 |6 738_609832400000000_FIS_2022 |7 0 |8 A |9 587023 |a BIBARQ |b BIBARQ |c GEN |d 2022-09-30 |e Donación |i 5654977 |o 738.6098324 FIS 2022 |p 5654977 |r 2025-01-20 |t 2 |w 2022-09-30 |y BK |k ARQ | ||
| 952 | |0 0 |1 0 |2 ddc |4 0 |6 738_609832400000000_FIS_2022 |7 0 |8 A |9 587024 |a BIBARQ |b BIBARQ |c GEN |d 2022-10-03 |e Donación |i 5654958 |l 2 |o 738.6098324 FIS 2022 |p 5654958 |r 2025-01-20 |s 2024-06-04 |t 3 |w 2022-10-03 |y BK |k ARQ | ||
| 952 | |0 0 |1 0 |2 ddc |4 0 |6 738_609832400000000_FIS_2022 |7 0 |8 A |9 587025 |a BIBARQ |b BIBARQ |c GEN |d 2022-10-03 |e Donación |i 5654959 |o 738.6098324 FIS 2022 |p 5654959 |r 2025-01-20 |t 4 |w 2022-10-03 |y BK |k ARQ | ||